000 01227nam a2200301 i 4500
003 EG-GICUC
005 20260121101543.0
008 251228s2000 ua ||||fr||| 00| 00|ara|d
040 _a EG-GICUC
_bara
_c EG-GICUC
_d EG-GICUC
_erda
041 _aara
082 0 4 _221
_a343.6
_bع ب . ع
092 0 4 _221
099 _aLaw1 10 343.6 ع ب . ع 2000
100 0 _aعبد الرحيم صدقي
_eمؤلف.
245 1 0 _aعلم الاجرام :
_bدراسة تأصيلية علمية /
_cعبد الرحيم صدقي.
250 _bطبعة مزيدة ومنقحة
264 1 _a[مكان النشر غير محدد] :
_b[الناشر غير محدد],
_c2000.
300 _a236 صفحة ؛
_c24 سم.
_bإيضاحيات، صور، مثيليات ؛
336 _2rda content
_atext
337 _2rda media
_aComputer
338 _2rda carrier
_aOnline Resource
504 _aيحتوي على ارجاعات ببليوجرافية
546 _aالنص أغلبه باللغة العربية مع بعض النصوص الفرنسية
650 1 4 _aعلم الإجرام
_xالقانون الجنائي
856 4 0 _uhttps://fll.law.cu.edu.eg/fulltext/bks/B10-07328.pdf
905 _a75
942 _2ddc
_cBK
_e21
_n0
999 _c52873
_d52873